000
00288nam a2200121Ia 4500
008
230303s9999 xx 000 0 und d
041
_a
eng
082
_a
620.105 POP
100
_a
POPOV (Egor. P)
245
_a
Engineering Mechanics of Solids
260
_a
New Delhi
_b
PHI
365
_c
RS
999
_c
173682
_d
173682